• Ugenti, Antonio

di Personal Name

Records bibliografici associati: 4

001 - CONTROL NUMBER

  • control field: 109

003 - CONTROL NUMBER IDENTIFIER

  • control field: IT-RoPau

005 - DATE AND TIME OF LATEST TRANSACTION

  • control field: 20130107094900.0

008 - FIXED-LENGTH DATA ELEMENTS

  • fixed length control field: 130107|| aca||aabn | a|a d

040 ## - CATALOGING SOURCE

  • Original cataloging agency: IT-RoPau
  • Transcribing agency: IT-RoPau

100 ## - HEADING--PERSONAL NAME

  • Personal name: Ugenti, Antonio
  • Titles and other words associated with a name: ssp

670 ## - SOURCE DATA FOUND

  • Source citation: Work cat.: (IT-RoPau)26176: Ugenti, Antonio ssp, Don Giacomo Alberione, 1979
CREDITS: SOCIETA' SAN PAOLO Via A.Severo, 58 - ROMA (RM) & PERIODICI SAN PAOLO SRL Via Giotto, 36 MILANO & CISF Via Giotto, 36 MILANO & EDIZIONI SAN PAOLO SRL,  Piazza Soncino, 5 CINISELLO BALSAMO (MI) -- ITALY